000 00973nam a2200289 i 4500
001 000028235
003 DO-SdBNP
005 20230602105254.0
007 ta
008 110407s1998 dr 000 | spa d
040 _aDO-SdBNP
_bspa
_cBNPHU
_erda
082 _a347
_bR426c
_222
110 1 _aRepública Dominicana.
_bSuprema Corte de Justicia
_97906
245 1 0 _aConmemoraciones Judiciales 1998 y otros temas.
264 _aSanto Domingo :
_bSuprema Corte de Justicia,
_c1998.
300 _a87 p. ;
_c22 cm.
336 _2rdacontent
_atexto
_btxt
337 _2rdamedia
_asin mediación
_bn
338 _2rdacarrier
_avolumen
_bnc
490 1 _aJudicial. Serie A: discursos y mensajes
_v1
590 _aInventariado, 2023 / DG
650 4 _aAcción y defensa (Derecho)
_zRepública Dominicana
_981434
650 4 _aDerecho procesal
_zRepública Dominicana
_913091
830 0 _aJudicial. Serie A: discursos y mensajes;
_v1
_955228
910 _aDG
942 _2ddc
_cLBS1
999 _c27727
_d27727